Andrés Bello / Ignacio Domeyko.

Saved in:
Bibliographic Details
Main Author: Guzmán Brito, Alejandro Ángel (autor)
Other Authors: Salinas, Augusto (autor)
Format: Book
Language:Spanish
Published: Santiago, Chile: El Mercurio; Aifos Ediciones, 2007.
Series:Chilenos del Bicentenario. Los Hombres y las Mujeres que Cambiaron Nuestra Historia.
Subjects:
Tags: Add Tag
No Tags, Be the first to tag this record!

MARC

LEADER 00000nam a2200000 a 4500
001 UCI7937
003 CL-VaPUC
005 20240403173751.0
008 080731e20070000CL |||||||||||||||||spa|d
999 |c 331066  |d 331064 
020 |a 978-956-311-123-1 
040 |c Pontificia Universidad Católica de Valparaíso 
082 0 4 |a 923.1 GUZ 2007   |2 21 
100 |a Guzmán Brito, Alejandro Ángel  |e autor  |9 388 
245 1 0 |a Andrés Bello / Ignacio Domeyko.  
260 |a Santiago, Chile:  |b El Mercurio;  |b Aifos Ediciones,   |c 2007. 
300 |a 95 páginas.  
490 0 |a Chilenos del Bicentenario. Los Hombres y las Mujeres que Cambiaron Nuestra Historia. 
500 |a c.3 Donación Familia Prof. Alejandro Guzmán Brito. c.4 Donación Familia Prof. Alejandro Guzmán Brito. 
583 |a last modification  |c 20170523 11:51:44  |k Rodrigo Vera 
600 0 |a Bello, Andrés  |2 CL-VaPUC  |9 856357 
600 0 |a Domeyko, Ignacio  |2 CL-VaPUC  |9 326006 
650 0 |a Políticos chilenos  |2 CL-VaPUC  |9 531362  |x Biografías  |z Chile 
700 0 |a Salinas, Augusto  |e autor  |9 512474 
942 |c BK  |2 ddc  |n 0 
945 |d 20080731 00:00:00  |a rbrito 
952 |0 0  |1 0  |4 0  |6 923_100000000000000_GUZ_2007  |7 0  |8 A  |9 417177  |a BIBHIS  |b BIBHIS  |d 2019-11-22  |i 4468406  |o 923.1 GUZ 2007  |p 4468406  |r 2025-01-20  |w 2019-11-22  |y BK  |k HIS 
952 |0 0  |1 0  |2 ddc  |3 erd  |4 0  |6 923_100000000000000_GUZ_2007  |7 1  |8 C_LRYV  |9 417178  |a FDOBRV  |b BIBDER  |i 5374545  |o 923.1 GUZ 2007  |p 5374545  |r 2023-01-25  |w 2019-11-22  |y BK_X  |k BRV 
952 |0 0  |1 0  |2 ddc  |4 0  |6 923_100000000000000_GUZ_2007  |7 1  |8 C_AGB  |9 580367  |a BIBDER  |b BIBDER  |d 2022-01-11  |e Donación   |i 5636973  |o 923.1 GUZ 2007  |p 5636973  |r 2023-01-25  |t 3  |w 2022-01-11  |y BK_US  |k AGB 
952 |0 0  |1 0  |2 ddc  |4 0  |6 923_100000000000000_GUZ_2007  |7 1  |8 C_AGB  |9 581237  |a BIBDER  |b BIBDER  |d 2022-02-09  |e Donación   |i 5645840  |o 923.1 GUZ 2007  |p 5645840  |r 2023-01-25  |t 4  |w 2022-02-09  |y BK_US  |k AGB